00290pam a2200121 a 4500020000500000041000500005082000800010100002700018245004300045250000900088260005900097300001200156 c h a153 aIYER (Prakash)eauthor aThe Habit of WinninghTextual Document a1st  bPenguin Books India Pvt. Ltd. New Delhi , Londonc2011 aix, 248